000 00304nam a2200121Ia 4500
008 190216s9999||||xx |||||||||||||| ||und||
100 _a"Bipan C,Tripathi A&Amp;Barun De"
245 0 _aFreedom Struggle
260 _bNational Book Stall
_c1972
300 _a228p
650 _aIndian History
942 _cBK
999 _c19346
_d19346